01223nam a2200265 a 450000100100000000500170001000800410002704000250006808200150009310000350010824501150014326000560025830000270031449000690034149000450041050000420045570000300049770000360052783000540056383000730061704900090069095201220069995201190082199900170094000002841220250924073802.0110408s1986 dr a 000 0 spa d aDO-SdBNPbspacBNPHU axxxbP949d1 aPrieto Castillo, Daniel95536610aEl discurso nunca fue el reino nuestro /cDaniel Prieto Castillo, Onofre de la Rosa y Carlos Eduardo Cortés. aSanto Domingo :bEditora Universitaria UASD,c1986. a20 p. :bil. ;c22 cm.1 aPublicaciones de la Universidad Autónoma de Santo Domingov4751 aCuaderno de comunicación socialvno. 7 aIncluye notas al pie de las páginas1 aRosa, Onofre de la9537001 aCortés, Carlos Eduardo955367 0aCuaderno de comunicación social ;vno. 7955368 aPublicaciones de la Universidad Autónoma de Santo Domingov475952 aBNPD 001054708PDaPDbPDcCTd2011-04-08iLF1l0oxxx P949dp28412-10r2020-06-25w2020-06-25yLFPDZPréstamo en sala 0010718PDaPDbPDcCTd2011-04-27iLF1l0oxxx P949dp28412-20r2020-06-25te. 2w2020-06-25yLFPDZNo se presta c27904d27904